00414nam a22001577a 4500003000400000005001700004008004100021020001500062050002400077100002500101245004200126260004000168300003300208521000700241526000800248OSt20140318094612.0121109t xxu||||| |||| 00| 0 eng d a0439751055 aPN 6084b.L695 2006 aLiberatore, Theresa  aSeeds of Peace /cTheresa Liberatore. aNew York :bScholastic Inc.,c2006. a16 p. :bcol. ill. ;c23 cm. aG2 c430